Flag quiz of Europe - Statistics

General Stats
  • This quiz has been taken 11 times
  • The average score is 11 of 13
Answer Stats
Picture Answer % Correct
Estonia
100%
France
100%
Greece
100%
Latvia
100%
Lithuania
100%
Spain
100%
The Netherlands
100%
Andorra
91%
Liechtenstein
91%
Montenegro
91%
Serbia
82%
Cyprus
73%
Luxembourg’s
9%
No matching quizzes found
Score Distribution
Percent of People with Each Score
Percentile by Number Answered
Your Score History
You have not taken this quiz